| 000 | 02925cam a22006014i 4500 | ||
|---|---|---|---|
| 003 | PE-LiUPU | ||
| 005 | 20250731180148.0 | ||
| 008 | 150706s2011 pe a rb 000 0 spa d | ||
| 020 | _a9786123025045 | ||
| 035 | _a(Sirsi) i9786123025045 | ||
| 040 |
_aPE-LiUPU _bspa _cPE-LiUPU _erda |
||
| 049 | _aPRUA | ||
| 082 | 0 | 4 |
_a551.6 _bO49 _221 |
| 082 | 0 | 4 |
_a551.6 _bO49 2011 |
| 100 | 1 |
_aOmland, Clara, _eautor. |
|
| 245 | 1 | 0 |
_aBiodiversidad y cambio climático : _b¿necesidad o solidaridad internacional? / _cClara Omland. |
| 250 | _aPrimera edición. | ||
| 264 | 1 |
_aLima : _bSan Marcos, _c2011. |
|
| 300 |
_a242 páginas : _bilustraciones ; _c24 centímetros. |
||
| 336 |
_atext _2rdacontent |
||
| 337 |
_aunmediated _2rdamedia |
||
| 338 |
_avolume _2rdacarrier |
||
| 504 | _aIncluye bibliografía. | ||
| 505 | 0 | _aSituación y estimación general -- Consenso internacional frente al problema ambiental -- Biodiversidad -- Definición y discusión del concepto biodiversidad -- Cambio climático -- Calentamiento global -- ¿Existe un dilema entre sostenibilidad y desarrollo? -- Sostenibilidad y desarrollo -- Acciones y estrategias -- Aspecto jurídico internacional -- Sistema de la norma ambiental -- Aspectos políticos y económicos -- Principio de cooperación -- Aspecto social y cultural -- Psicosis social sobre los problemas ambientales -- ¿Necesidad o solidaridad internacional? -- Principios generales en la protección del ambiente -- ¿Necesidad de una fuerza vinculante? -- ¿Solidaridad internacional? -- Conciencia colectiva -- El trato de nuestros padres -- Una forma de solidaridad. | |
| 526 | _aSEG44 | ||
| 526 | _aSEG26 | ||
| 526 | _aP159 | ||
| 526 | _aP155 | ||
| 526 | _aP154 | ||
| 526 | _aP153 | ||
| 526 | _aP150 | ||
| 526 | _aP100 | ||
| 526 | _aP31 | ||
| 526 | _aP30 | ||
| 526 | _aP26 | ||
| 526 | _aP25 | ||
| 526 | _aP24 | ||
| 526 | _aP22 | ||
| 526 | _aP15 | ||
| 526 | _aP10 | ||
| 650 | 0 | 4 |
_aCambio climático _vEnsayos, conferencias, etc. |
| 650 | 0 | 4 | _aDiversidad biológica. |
| 910 |
_agl _bjv _clch _d20121016 |
||
| 910 |
_armch _btqv _cjfb _d20180926 |
||
| 942 |
_2ddc _cBOOK |
||
| 949 |
_a551.6 O49 _wDEWEY _c1 _i65549 _lCCODEBUL1 _mBUL _p12.00 _r0 _sY _tBOOK _u2015-7-6 _xINGENIERIA _PP24 _o.STAFF. Colección General |
||
| 949 |
_a551.6 O49 2011 _wDEWEY _c1 _iFJ02734 _lCCODEBUJ1 _mBUJ _p9.04 _r0 _sY _tBOOK _u2016-10-10 _xINGENIERIA _PP24 _0COMPRA _o.STAFF. Colección General Juliaca |
||
| 994 |
_aC0 _bPEPRU |
||
| 596 | _a1 3 | ||
| 999 |
_a551.6 O49 _wDEWEY _c54027 _i65549 _d54027 _e2017-5-2 _f2021-11-5 _g7 _lCCODEBUL1 _mBUL _n5 _p12.00 _r0 _sN _tBOOK _u2015-7-6 _xBIBLIOTECA _PP24 _0COMPRA _o.STAFF. Colección General |
||
| 999 |
_a551.6 O49 2011 _wDEWEY _c1 _iFJ02734 _d2018-9-28 _f2022-1-25 _g4 _lCCODEBUJ1 _mBUJ _p9.04 _q1 _r0 _sY _tBOOK _u2016-10-10 _xINGENIERIA _PP24 _0COMPRA _o.STAFF. Colección General Juliaca |
||
| 980 |
_81 _gALBERTO SANCHEZ Responsable de Automatización |
||